| 000 | 00887nam a22002897a 4500 | ||
|---|---|---|---|
| 003 | CHAP | ||
| 005 | 20220329140228.0 | ||
| 008 | 971013s r 00010 d | ||
| 010 | _a48901 | ||
| 011 | _a49873 | ||
| 035 | _a54023 | ||
| 040 | _cCHAP | ||
| 090 | _aFolleto 5271 | ||
| 110 |
_aVenezuela. Ministerio de Agricultura y Cría _9118717 |
||
| 245 | _aPrograma de ganadería menor y apicultura | ||
| 260 |
_a(s.l.) : _bEl Ministerio, _c(s.a.) |
||
| 300 | _as.p. | ||
| 500 | _aHoja desplegable | ||
| 590 |
_aBATCH-UPD _b10 _c20130109 _lUCH01 _h2356 |
||
| 590 |
_aBATCH-UPD _b10 _c20130409 _lUCH01 _h1929 |
||
| 590 |
_aBATCH-UPD _b10 _c20130914 _lUCH01 _h1459 |
||
| 590 |
_aCONVERSION _b10 _c20130109 _lUCH01 _h1327 |
||
| 650 | 1 | 4 |
_aGanadería _xAspectos económicos _xVenezuela. _944651 |
| 901 | _aBK | ||
| 942 | _cFOLL | ||
| 949 |
_aFolleto 5271 _bBC _cFOLL _d-119433 _eTS1 _i54023 _mD _si |
||
| 999 |
_c48901 _d48901 |
||